Advanced Surveying: Total Station, GIS and Remote Sensing / (Record no. 13241)
[ view plain ]
| 000 -LEADER | |
|---|---|
| fixed length control field | 00472cam a2200169ua 4500 |
| 003 - CONTROL NUMBER IDENTIFIER | |
| control field | OSt |
| 008 - FIXED-LENGTH DATA ELEMENTS--GENERAL INFORMATION | |
| fixed length control field | 250423b |||||||| |||| 00| 0 eng d |
| 020 ## - INTERNATIONAL STANDARD BOOK NUMBER | |
| ISBN | 9788131700679 |
| 082 ## - DEWEY DECIMAL CLASSIFICATION NUMBER | |
| Classification number | 624.1517 |
| Item number | GOP/AD |
| 100 ## - MAIN ENTRY--AUTHOR NAME | |
| Personal name | Gopi, Satheesh . |
| 245 ## - TITLE STATEMENT | |
| Title | Advanced Surveying: Total Station, GIS and Remote Sensing / |
| 260 ## - PUBLICATION, DISTRIBUTION, ETC. (IMPRINT) | |
| Place of publication | Noida |
| Name of publisher | Pearson Education Asia , |
| Year of publication | 2015 |
| 300 ## - PHYSICAL DESCRIPTION | |
| Number of Pages | 352 ; . |
| 700 1# - ADDED ENTRY--PERSONAL NAME | |
| Personal name | Madhu, N . |
| 700 1# - ADDED ENTRY--PERSONAL NAME | |
| Personal name | Sathikumar, R . |
| 942 ## - ADDED ENTRY ELEMENTS (KOHA) | |
| Koha item type | Books |
| Withdrawn status | Lost status | Damaged status | Home library | Current library | Date acquired | Full call number | Accession Number | Koha item type | Collection code | Shelving location | Source of acquisition | Cost, normal purchase price |
|---|---|---|---|---|---|---|---|---|---|---|---|---|
| KAUAET | KAUAET | 07/04/2012 | 624.1517 GOP/AD | 21782 | Books | |||||||
| KAUAET | KAUAET | 04/07/2016 | 624.1517 GOP/AD | 24999 | Books | General Stacks | Aman Book Stall, Calicut | 550.00 | ||||
| KAUAET | KAUAET | 04/07/2016 | 624.1517 GOP/AD | 25000 | Books | General Stacks | Aman Book Stall, Calicut | 550.00 |
